Central Library OPAC University of Rajshahi
Normal view MARC view

Entry Topical Term

Number of records used in: 3

001 - CONTROL NUMBER

  • control field: 13744

003 - CONTROL NUMBER IDENTIFIER

  • control field: BD-RjUL

005 - DATE AND TIME OF LATEST TRANSACTION

  • control field: 20241007123543.0

008 - FIXED-LENGTH DATA ELEMENTS

  • fixed length control field: 241007|| aca||aabn | a|a d

040 ## - CATALOGING SOURCE

  • Original cataloging agency: BD-RjUL
  • Transcribing agency: BD-RjUL

150 ## - HEADING--TOPICAL TERM

  • Topical term or geographic name entry element: Matter
  • General subdivision: Properties

670 ## - SOURCE DATA FOUND

  • Source citation: Work cat.: (BD-RjUL)84090: Cottrell, A. H. 1919-2012. 13742, The mechanical properties of matter /, [1964]